000 00553nam a2200193Ia 4500
005 20250508163907.0
008 008 250505s9999 xx 000 0 eng d
020 _a0-7456-1619-4
037 _aTextual
040 _aFEDL
_beng
_cFEDL
041 _aeng
_2eng
084 _a305.8, OOM
_qFEDL
100 _aOommen T.K.
245 0 _aCitizenship, nationality and ethnicity : Reconciling competing identities
260 _aCambridge
_bPolity Press
_c2001
300 _a270p.
942 _cTEXL
_h305.8, OOM
999 _c1385833
_d1385833